000 00869nas a2200289 4500
001 BR9103633
003 BR-BrBNA
005 20231205092122.0
007 ta
008 230509b bl.|||p| |||| 00| 00por d
040 _aBR-BrBNA
_bpor
_cBiblioteca Nacional de Agricultura
041 _a(Pt)
072 _aP40; F01; F40
100 1 _aPola, A.C.
100 1 _aKreuz, C.L.
100 1 _aPetri, J.L.
100 1 _aBender, R.J.
245 1 _aA ocorrencia de deficits hidricos e sua influencia no crescimento de frutos de macieira
650 _aCLIMATOLOGIA
650 _aDEFICIENCIA HIDRICA
650 _aMACA
650 _aCURVA DE CRESCIMENTO
650 _aTAXA DE CRESCIMENTO
773 0 _tAgropecuaria Catarinense (Brazil)
_xISSN 0103-0779
_g(Jun 1991), v. 4(2) p. 40-44
_wBR9103633
909 _a202311
_bLúcia
_c55
_dLúcia Elande
942 _2AGRIS
_n0
_cANA
999 _c129468
_d129468